Water hyacinth
Saved in:
| Main Author: | |
|---|---|
| Format: | Book |
| Language: | English |
| Published: |
Amsterdam :
Elsevier,
1987
|
| Series: | Aquatic plant studies ;
; 1 |
| Subjects: | |
| Tags: |
Add Tag
No Tags, Be the first to tag this record!
|
MARC
| LEADER | 00000nam a2200000 i 4500 | ||
|---|---|---|---|
| 001 | 1/63821 | ||
| 008 | 930928s1987 eng d | ||
| 020 | |a 0-444-42706-6 | ||
| 035 | |a ΛΕΣΒΟΣb10001277 |l 10001277 | ||
| 040 | |a GR-MY-UA |b gre |e aacr | ||
| 041 | 0 | |a eng | |
| 082 | 0 | |a 584.32 | |
| 100 | 1 | |a Gopal, Brij |d 1944- | |
| 245 | 1 | 0 | |a Water hyacinth / |c Brij Gopal |
| 260 | |a Amsterdam : |b Elsevier, |c 1987 | ||
| 300 | |a 471 p. | ||
| 490 | 1 | |a Aquatic plant studies |v ; 1 | |
| 504 | |a Includes bibliographical references and index | ||
| 650 | 0 | 0 | |a Water hyacinth. |
| 650 | 0 | 0 | |a Eichhornia. |
| 830 | 0 | |a Aquatic plant studies ; |v ; 1 | |
| 852 | |a INST |b LESVOS |e 19930928 |h 584.32 GOP |p 005100005945 |q 005100005945 |t BK |y 0 | ||
| 909 | |a Λ |b 026708 | ||